| 000 | 00897nam a22002297a 4500 | ||
|---|---|---|---|
| 999 |
_c5724 _d5724 |
||
| 003 | AR-CdUCM | ||
| 008 | 190313b ||||| |||| 00| 0 spa d | ||
| 040 |
_aMUNICIPALIDAD PROVINCIAL DEL CUSCO _cBIBLIOTECA MUNICIPAL DEL CUSCO |
||
| 082 |
_a985.2 / _bO61 |
||
| 100 |
_aOrbegozo Rodríguez, Efraín _917043 |
||
| 245 | _aGeografía de la región de la Libertad / | ||
| 260 |
_aLima : _bEdimssa, _c1987. |
||
| 300 |
_a526 paginas ; _c21 cm. |
||
| 505 | _aLa situación geográfica y los limites -- Las bases geológicas de la geografía del departamento de la Libertad -- Climatología del departamento de la Libertad -- Dominios y regiones de La Libertad ... | ||
| 650 |
_aGeografía _9318 |
||
| 650 |
_aGeología _917044 |
||
| 650 |
_aClimatología _917045 |
||
| 650 |
_aLa Libertad _98588 |
||
| 710 |
_aConcejo nacional de ciencia y tecnología _917046 |
||
| 942 |
_2ddc _cLIBROS |
||
| 945 | _aacv | ||